000 00501nam a2200193Ia 4500
005 20250326123423.0
008 250326s9999 xx 000 0 und d
037 _aTextbook
040 _aFMSL
_beng
_cFMSL
041 _aeng
_2eng
084 _aX:513 N6
_qFMSL
100 _aBatra R
_9735101
245 0 _aAdvertising management
_cBatra R
250 _a5
260 _aDelhi
_bDelhi, Pearson Education
_c1996
300 _a754p
942 _cTB
_hX:513 N6
999 _c1269294
_d1269294